000 00487nam a2200181Ia 4500
005 20260415160319.0
008 008 250505s9999 xx 000 0 eng d
037 _aTextual
040 _aFEDL
_beng
_cFEDL
041 _aeng
_2eng
084 _a320 FOX
_qFEDL
100 _aFox James
_91234851
245 0 _aCivics
260 _aLondon, UK
_bGeorge G. Harrap and Co. Ltd
_c1940
300 _a285p.
942 _cTEXL
_h320 FOX
999 _c1321570
_d1321570